000
00223nam a2200085Ia 4500
245
0
_a
It's the little things
100
_a
JAMES, Erica London, 2009
_9
81663
942
_c
BK
008
210817s9999 xx 000 0 und d
999
_c
292032
_d
292030